Prečo je flexibilita práce dôležitá?

V príspevku je pozornosť venovaná dvom sféram života jednotlivca – pracovnej a rodinnej, ich vzájomnému prepojeniu a zosúlaďovaniu týchto sfér prostredníctvom foriem flexibility práce. Podrobne sú predstavené jednotlivé formy flexibility práce a pozornosť je venovaná ich významu najmä pre zamestnáva...

Ausführliche Beschreibung

Gespeichert in:
Bibliographische Detailangaben
1. Verfasser: Filipová, Mária
Format: Buchkapitel
Sprache:Slowakisch
Schlagworte:
Tags: Tag hinzufügen
Keine Tags, Fügen Sie das erste Tag hinzu!

MARC

LEADER 00000nla a2200000 4500
001 0192498
005 20240417075048.8
041 0 |a slo 
044 |a SK 
245 1 0 |a Prečo je flexibilita práce dôležitá?  |c Mária Filipová 
520 |a V príspevku je pozornosť venovaná dvom sféram života jednotlivca – pracovnej a rodinnej, ich vzájomnému prepojeniu a zosúlaďovaniu týchto sfér prostredníctvom foriem flexibility práce. Podrobne sú predstavené jednotlivé formy flexibility práce a pozornosť je venovaná ich významu najmä pre zamestnávateľa a zamestnanca, ale v širšom kontexte aj pre spoločnosť. 
610 2 0 |a rodina 
610 2 0 |a práca 
610 2 0 |a flexibilita 
100 1 |a Filipová, Mária